[Event "Milan Befana op-B"]
[Site "Milan"]
[Date "2014.01.06"]
[Round "7"]
[White "Rossi, Giampiero"]
[Black "Malescusi, Luciano"]
[Result "1/2-1/2"]
[WhiteElo "1877"]
[BlackElo "1881"]
[PlyCount "62"]
[EventDate "2014.01.02"]
[EventType "swiss"]
[EventRounds "7"]
[EventCountry "ITA"]
[SourceTitle "EXT 2015"]
[Source "ChessBase"]
[SourceDate "2014.11.20"]
[SourceVersion "1"]
[SourceVersionDate "2014.11.20"]
[SourceQuality "1"]

1. d4 g6 2. c4 Bg7 3. Nc3 c5 4. e3 cxd4 5. exd4 Nf6 6. Nf3 0-0 7. Be2 d5 8. cxd5 Nxd5 9. Qb3 Nxc3 10. bxc3 Nc6 11. 0-0 Na5 12. Qa3 Be6 13. Bg5 f6 14. Bf4 Nc4 15. Qb4 Na5 16. Rfe1 Bf7 17. Bf1 Rc8 18. Qxe7 Qxe7 19. Rxe7 Rxc3 20. Bd2 Ra3 21. Bxa5 Rxa5 22. Rxb7 Bd5 23. Rb5 Rxb5 24. Bxb5 Rd8 25. Rd1 Bxa2 26. Ra1 Bd5 27. Rxa7 Bxf3 28. gxf3 Rxd4 29. Rc7 Rd8 30. Bc4+ Kh8 31. Kg2 f5 1/2-1/2

[Event "Milan Crespi op-A 34th"]
[Site "Milan"]
[Date "2013.12.08"]
[Round "7"]
[White "Malescusi, Luciano"]
[Black "Saffioti, Cristian"]
[Result "1/2-1/2"]
[WhiteElo "1884"]
[BlackElo "1887"]
[PlyCount "37"]
[EventDate "2013.12.04"]
[EventType "swiss"]
[EventRounds "7"]
[EventCountry "ITA"]
[SourceTitle "EXT 2024"]
[Source "ChessBase"]
[SourceDate "2023.10.10"]
[SourceVersion "1"]
[SourceVersionDate "2023.10.10"]
[SourceQuality "1"]

1. d4 Nf6 2. Bf4 g6 3. e3 Bg7 4. Nf3 d6 5. Be2 Nh5 6. Bg5 0-0 7. 0-0 h6 8. Bh4 Nf6 9. Bg3 Ne4 10. Bh4 g5 11. Bg3 Nc6 12. Nbd2 Nxg3 13. hxg3 e5 14. c3 Re8 15. dxe5 dxe5 16. e4 a5 17. a4 Qe7 18. Qb3 Qc5 19. Qb5 1/2-1/2

[Event "Milan Crespi op-A 34th"]
[Site "Milan"]
[Date "2013.12.07"]
[Round "5"]
[White "Malescusi, Luciano"]
[Black "Laurino, Alberto"]
[Result "1-0"]
[WhiteElo "1884"]
[BlackElo "1787"]
[PlyCount "53"]
[EventDate "2013.12.04"]
[EventType "swiss"]
[EventRounds "7"]
[EventCountry "ITA"]
[SourceTitle "EXT 2024"]
[Source "ChessBase"]
[SourceDate "2023.10.10"]
[SourceVersion "1"]
[SourceVersionDate "2023.10.10"]
[SourceQuality "1"]

1. d4 Nf6 2. Bf4 d6 3. e3 a6 4. Nf3 e6 5. Be2 d5 6. Bd3 Bd6 7. Bg3 Nc6 8. c3 Ne7 9. Nbd2 Ng6 10. Ne5 Be7 11. f4 c6 12. 0-0 Nd7 13. Ndf3 Ndxe5 14. Nxe5 Nxe5 15. fxe5 0-0 16. Qh5 g6 17. Qg4 f5 18. exf6 Rxf6 19. Be5 Rxf1+ 20. Rxf1 Qe8 21. Rf3 Bf8 22. Rf6 Bg7 23. Bxg6 Qd8 24. Bxh7+ Kh8 25. Qh5 Bxf6 26. Bg6+ Kg7 27. Qh7+ 1-0

[Event "Milan SSM op 08"]
[Site "Milan"]
[Date "2013.08.01"]
[Round "2"]
[White "Beltrami, Francesco"]
[Black "Malescusi, Luciano"]
[Result "1-0"]
[WhiteElo "1873"]
[BlackElo "1909"]
[PlyCount "131"]
[EventDate "2013.07.31"]
[EventType "swiss"]
[EventRounds "7"]
[EventCountry "ITA"]
[SourceTitle "EXT 2015"]
[Source "ChessBase"]
[SourceDate "2014.11.20"]
[SourceVersion "1"]
[SourceVersionDate "2014.11.20"]
[SourceQuality "1"]

1. Nf3 g6 2. g3 Bg7 3. Bg2 c5 4. d4 cxd4 5. Nxd4 Nc6 6. c3 Nf6 7. 0-0 0-0 8. b3 d5 9. Bb2 e5 10. Nxc6 bxc6 11. c4 Re8 12. Nc3 Bb7 13. Na4 Qd6 14. Qc1 Bf8 15. a3 Rad8 16. Rd1 Qb8 17. b4 Ba6 18. cxd5 cxd5 19. e3 Bc4 20. Rd2 Bb5 21. Nc3 Bc6 22. Qd1 Ne4 23. Nxe4 dxe4 24. Rc1 Rxd2 25. Qxd2 Rd8 26. Qc3 Bb5 27. Qxe5 Qxe5 28. Bxe5 f5 29. Bd4 a6 30. Bf1 Bg7 31. Bc4+ Kh8 32. Bxg7+ Kxg7 33. Bxb5 axb5 34. Rc7+ Kg8 35. Rb7 Ra8 36. Rxb5 Rxa3 37. Rb7 Rb3 38. b5 Kf8 39. b6 Ke8 40. Rxh7 Rxb6 41. Kg2 Kf8 42. h3 Kg8 43. Rd7 Rb2 44. Rd4 Kg7 45. g4 Kf6 46. Rd6+ Kg5 47. Kg3 fxg4 48. hxg4 Rb5 49. Rd4 Re5 50. Ra4 Kf6 51. f4 exf3 52. Kxf3 g5 53. Ra6+ Kf7 54. Rd6 Ke7 55. Rd4 Ke6 56. Re4 Kf6 57. Rxe5 Kxe5 58. e4 Ke6 59. Ke3 Ke5 60. Kd3 Kf4 61. Kd4 Kxg4 62. e5 Kf5 63. Kd5 g4 64. e6 g3 65. e7 g2 66. e8Q 1-0

[Event "Milan SSM op 08"]
[Site "Milan"]
[Date "2013.07.31"]
[Round "1"]
[White "Malescusi, Luciano"]
[Black "Cazzaniga, Walter"]
[Result "0-1"]
[WhiteElo "1909"]
[BlackElo "2156"]
[PlyCount "64"]
[EventDate "2013.07.31"]
[EventType "swiss"]
[EventRounds "7"]
[EventCountry "ITA"]
[SourceTitle "EXT 2015"]
[Source "ChessBase"]
[SourceDate "2014.11.20"]
[SourceVersion "1"]
[SourceVersionDate "2014.11.20"]
[SourceQuality "1"]

1. Nf3 Nf6 2. d4 g6 3. c4 Bg7 4. Nc3 d6 5. Bf4 0-0 6. e3 Nc6 7. Be2 Nd7 8. h3 e5 9. Bh2 Re8 10. 0-0 e4 11. Nd2 f5 12. Nd5 Nf6 13. Rc1 Ne7 14. Qb3 Kh8 15. Rfd1 c6 16. Nc3 a6 17. Qa3 d5 18. cxd5 Nexd5 19. Nxd5 Nxd5 20. Nc4 Be6 21. Be5 Bxe5 22. Nxe5 f4 23. exf4 Nxf4 24. Bc4 Bxc4 25. Nxc4 Ne2+ 26. Kh1 Nxc1 27. Rxc1 Qxd4 28. Nd6 Rf8 29. Qc3 Qxc3 30. Rxc3 Rxf2 31. Nxe4 Rxb2 32. Nd6 Kg7 0-1

[Event "Milan SSM op"]
[Site "Milan"]
[Date "2013.07.05"]
[Round "2"]
[White "Malescusi, Luciano"]
[Black "Astengo, Corrado"]
[Result "1/2-1/2"]
[WhiteElo "1909"]
[BlackElo "2114"]
[PlyCount "65"]
[EventDate "2013.07.04"]
[EventType "swiss"]
[EventRounds "5"]
[EventCountry "ITA"]
[SourceTitle "EXT 2015"]
[Source "ChessBase"]
[SourceDate "2014.11.20"]
[SourceVersion "1"]
[SourceVersionDate "2014.11.20"]
[SourceQuality "1"]

1. d4 d5 2. Nf3 Nf6 3. e3 g6 4. Be2 Bg7 5. Nbd2 0-0 6. 0-0 c5 7. c3 Nc6 8. a3 a5 9. a4 Nd7 10. Nb1 e5 11. Na3 e4 12. Ne1 cxd4 13. cxd4 f5 14. f4 exf3 15. Bxf3 Nf6 16. Nb5 Re8 17. Qb3 Be6 18. Nd3 Bf7 19. Nc5 Qe7 20. Nc3 Nb4 21. Qd1 Rac8 22. Nd3 Nxd3 23. Qxd3 Qd7 24. Bd2 Bh6 25. Rfe1 g5 26. g3 b6 27. Ra3 f4 28. Rb3 fxg3 29. Rxb6 gxh2+ 30. Kh1 Bg7 31. Qa6 g4 32. Bg2 Re6 33. Rxe6 1/2-1/2

[Event "Florence op 17th"]
[Site "Florence"]
[Date "2009.12.06"]
[Round "1"]
[White "Malescusi, Luciano"]
[Black "Aleksic, Nenad"]
[Result "0-1"]
[WhiteElo "1920"]
[BlackElo "2373"]
[PlyCount "90"]
[EventDate "2009.12.06"]
[EventType "swiss"]
[EventRounds "6"]
[EventCountry "ITA"]
[SourceTitle "EXT 2012"]
[Source "ChessBase"]
[SourceDate "2011.11.24"]
[SourceVersion "1"]
[SourceVersionDate "2011.11.24"]
[SourceQuality "1"]

1. d4 Nf6 2. c4 e6 3. Nc3 Bb4 4. a3 Bxc3+ 5. bxc3 b6 6. f3 Ba6 7. e4 Nc6 8. Bd3 Na5 9. Qe2 d6 10. Rb1 c5 11. d5 e5 12. f4 Nd7 13. Nf3 Qf6 14. fxe5 Nxe5 15. Nxe5 dxe5 16. Be3 0-0 17. h4 Qd6 18. Rh3 f5 19. exf5 e4 20. Bxe4 Bxc4 21. Qf3 Rae8 22. Kf2 Qe5 23. Bc2 Bxd5 24. Bf4 Bxf3 25. Bxe5 Bg4 26. Rg3 h5 27. Re1 Rf7 28. Rxg4 hxg4 29. Kg3 Nc6 30. Kf4 Rxe5 31. Rxe5 Nxe5 32. Kxe5 Re7+ 33. Kf4 Re1 34. Be4 Ra1 35. Kxg4 Rxa3 36. Bd5+ Kh7 37. Kg5 Rxc3 38. g4 Re3 39. Bf7 Rf3 40. Bg6+ Kg8 41. Bh5 c4 42. Kg6 c3 43. g5 Rf2 44. Bg4 c2 45. f6 gxf6 0-1

[Event "Florence Weekend op 2nd"]
[Site "Florence"]
[Date "2007.10.27"]
[Round "3"]
[White "Garofalo, Simone"]
[Black "Malescusi, Luciano"]
[Result "1/2-1/2"]
[WhiteElo "2022"]
[BlackElo "1873"]
[PlyCount "93"]
[EventDate "2007.10.26"]
[EventType "swiss"]
[EventRounds "6"]
[EventCountry "ITA"]
[SourceTitle "EXT 2010"]
[Source "ChessBase"]
[SourceDate "2010.11.25"]
[SourceVersion "1"]
[SourceVersionDate "2010.11.25"]
[SourceQuality "1"]

1. e4 Nf6 2. e5 Nd5 3. d4 d6 4. Nf3 Bg4 5. Be2 e6 6. 0-0 Be7 7. c4 Nb6 8. exd6 cxd6 9. Nc3 0-0 10. Be3 N8d7 11. b3 Rc8 12. Qd2 Nf6 13. h3 Bh5 14. Rfd1 Bg6 15. Rac1 h6 16. Bf4 a6 17. Qe3 Nbd7 18. Nd2 Qa5 19. d5 e5 20. Bh2 Rfe8 21. Bd3 Bxd3 22. Qxd3 Bd8 23. Kf1 Bb6 24. Nde4 Nxe4 25. Nxe4 Nc5 26. Nxc5 Qxc5 27. Qd2 Ba5 28. Qe3 Qxe3 29. fxe3 b5 30. cxb5 axb5 31. Rc6 Rxc6 32. dxc6 Bb4 33. Rd5 Bc5 34. Ke2 Rc8 35. b4 Bxb4 36. Rxb5 Bc5 37. Bxe5 Rxc6 38. Rb8+ Kh7 39. Bg3 Ra6 40. Rb2 Ra3 41. Bf2 Kg6 42. Kf3 Kf5 43. Rc2 h5 44. Rd2 g5 45. Rd5+ Kf6 46. Rd2 Ke6 47. Ke2 1/2-1/2

[Event "Florence Weekend op 2nd"]
[Site "Florence"]
[Date "2007.10.26"]
[Round "1"]
[White "Bighiu, Gheorghe"]
[Black "Malescusi, Luciano"]
[Result "1-0"]
[WhiteElo "2043"]
[BlackElo "1873"]
[PlyCount "62"]
[EventDate "2007.10.26"]
[EventType "swiss"]
[EventRounds "6"]
[EventCountry "ITA"]
[SourceTitle "EXT 2010"]
[Source "ChessBase"]
[SourceDate "2010.11.25"]
[SourceVersion "1"]
[SourceVersionDate "2010.11.25"]
[SourceQuality "1"]

1. e4 e5 2. a3 Nc6 3. Nc3 Nf6 4. Nf3 Be7 5. d4 d6 6. d5 Nb8 7. h3 0-0 8. Bd3 Nbd7 9. Be3 c6 10. dxc6 bxc6 11. Bc4 Nxe4 12. Nxe4 d5 13. Bxd5 cxd5 14. Qxd5 Qc7 15. 0-0 Bb7 16. Qd3 Rad8 17. Nfg5 Bxg5 18. Nxg5 Nf6 19. Qe2 Qc6 20. Nf3 Rfe8 21. Rfd1 Ba6 22. c4 Rxd1+ 23. Rxd1 e4 24. Nd4 Qxc4 25. Qxc4 Bxc4 26. Nf5 a6 27. Rd4 Bd3 28. g4 h6 29. Bd2 Re5 30. Rd8+ Kh7 31. Bc3 Rd5 1-0

[Event "Siena op"]
[Site "Siena"]
[Date "1998.??.??"]
[Round "3"]
[White "Malescusi, Luciano"]
[Black "Codacci, Jose"]
[Result "0-1"]
[WhiteElo "1725"]
[BlackElo "1835"]
[PlyCount "60"]
[EventDate "1998.??.??"]
[EventType "swiss"]
[EventRounds "7"]
[EventCountry "ITA"]
[SourceTitle "EXT 2001"]
[Source "ChessBase"]
[SourceDate "2000.11.22"]
[SourceVersion "1"]
[SourceVersionDate "2000.11.22"]
[SourceQuality "1"]

1. Nf3 Nf6 2. g3 d5 3. Bg2 c5 4. 0-0 Nc6 5. d3 e5 6. Nbd2 Be7 7. e4 0-0 8. exd5 Nxd5 9. Nc4 f6 10. a4 Be6 11. Re1 Qd7 12. Bd2 Rfd8 13. Na3 Rac8 14. Nb5 Ndb4 15. Nc3 Nd4 16. Rc1 Ndxc2 17. Rxc2 Bb3 18. Re4 Bxc2 19. Qc1 Bxd3 20. Rh4 Bf5 21. Ne4 g5 22. Nexg5 fxg5 23. Nxe5 Qxd2 24. Qc4+ Rd5 25. Be4 gxh4 26. Bxf5 Qe1+ 27. Kg2 Qxe5 28. Qg4+ Kh8 29. Bxc8 h3+ 30. Kf1 Nc2 0-1